000
00312nam a2200145Ia 4500
100
_a
Custer/Helen
942
_c
BK
654
_a
Inside Windows
245
_a
Inside Windows N.T.
260
_b
Microsoft Press
_a
New Delhi
_c
1993
082
_a
5.4469
_b
CUS
300
_a
385
546
_a
ENGLISH
999
_c
23538
_d
23538